Statistics for Europes Top Goalscorers Of All Time

Click here to take the quiz!

General Stats

  • This quiz has been taken 19 times
  • The average score is 17 of 50

Answer Stats

GoalsCountryPlayer% Correct
123PortugalCristiano Ronaldo
100%
68GermanyGerd Muller
89%
81PolandRobert Lewandowski
89%
45GermanyThomas Muller
89%
84HungaryFerenc Puskas
83%
77BelgiumRomelu Lukaku
83%
62SwedenZlatan Ibrahimovic
83%
59EnglandHarry Kane
78%
65Bosnia and HerzegovinaEdin Dzeko
72%
59SpainDavid Villa
67%
68IrelandRobbie Keane
61%
53EnglandWayne Rooney
61%
71GermanyMiroslav Klose
56%
51FranceThierry Henry
56%
48UkraineAndriy Shevchenko
50%
44SpainRaul
50%
54FranceOlivier Giroud
44%
50NetherlandsRobin Van Persie
44%
48BulgariaDimitar Berbatov
39%
49EnglandBobby Charlton
33%
55Czech RepublicJan Koller
33%
75HungarySandor Kocsis
33%
46CroatiaDavor Suker
28%
48EnglandGary Lineker
28%
51TurkeyHakan Sukur
28%
45GermanyKarl-Heinz Rummenigge
28%
47GermanyRudi Voller
28%
43SwedenGunnar Nordahl
22%
47GermanyJurgen Klinsmann
22%
43GermanyUwe Seeler
22%
46UkraineAndriy Yarmolenko
17%
52DenmarkJon Dahl Tomasson
17%
49GermanyLukas Podolski
17%
47PortugalPauleta
17%
45PolandGrzegorz Lato
11%
44EnglandJimmy Greaves
11%
44NetherlandsMemphis Depay
11%
42HungaryGyorgy Sarosi
6%
55East GermanyJoachim Streich
6%
44DenmarkPauli Jorgensen
6%
52DenmarkPoul Nielsen
6%
48PolandWlodzimierz Lubanski
6%
55SlovakiaAleksandar Mitrovic
0%
44FrenchAntoine Greizmann
0%
47BulgariaHristo Bonev
0%
58HungaryImre Scholsser
0%
51HungaryLajos Tichy
0%
42DenmarkOle Madsen
0%
49SwedenSven Rydell
0%
44AustriaToni Polster
0%

Score Distribution

Percentile by Number Answered

Percent of People with Each Score

Your Score History

You have not taken this quiz